El arreglo pacífico de controversias internacionales : (Record no. 126692)
[ view plain ]
| 000 -LEADER | |
|---|---|
| campo de control de longitud fija | 01445nam a22002417a 4500 |
| 003 - IDENTIFICADOR DE NÚMERO DE CONTROL | |
| campo de control | BJBSDDR |
| 005 - FECHA Y HORA DE LA ÚLTIMA TRANSACCIÓN | |
| campo de control | 20260325185646.0 |
| 006 - CÓDIGOS DE INFORMACIÓN DE LONGITUD FIJA--CARACTERÍSTICAS DEL MATERIAL ADICIONAL | |
| campo de control de longitud fija | a|||||r|||| 00| 0 |
| 007 - CAMPO FIJO DE DESCRIPCIÓN FÍSICA--INFORMACIÓN GENERAL | |
| campo de control de longitud fija | ta |
| 008 - DATOS DE LONGITUD FIJA--INFORMACIÓN GENERAL | |
| campo de control de longitud fija | 260325s2013 sp |||||r|||| 00| 0 spa d |
| 020 ## - NÚMERO INTERNACIONAL ESTÁNDAR DEL LIBRO | |
| Número Internacional Estándar del Libro | 9788490335215 |
| 040 ## - FUENTE DE CATALOGACIÓN | |
| Lengua de catalogación | spa |
| Centro/agencia transcriptor | BJBSDDR |
| 041 ## - CÓDIGO DE IDIOMA | |
| Código de lengua del texto/banda sonora o título independiente | spa |
| 050 ## - SIGNATURA TOPOGRÁFICA DE LA BIBLIOTECA DEL CONGRESO | |
| Número de ítem | A774 2013 |
| 245 03 - MENCIÓN DEL TÍTULO | |
| Título | El arreglo pacífico de controversias internacionales : |
| Resto del título | XXIV Jornadas de la Asociación Española de Profesores de Derecho Internacional y Relaciones Internacionales (AEPDIRI): Córdoba, 20-22 de octubre de 2011 / |
| Mención de responsabilidad, etc. | Eva M. Vázquez Gómez, María Dolores Adam Muñoz, Noé Cornago Prieto(coord.) |
| 260 ## - PUBLICACIÓN, DISTRIBUCIÓN, ETC. | |
| Lugar de publicación, distribución, etc. | Valencia, España : |
| Nombre del editor, distribuidor, etc. | Tirant lo Blanch, |
| Fecha de publicación, distribución, etc. | 2013. |
| 300 ## - DESCRIPCIÓN FÍSICA | |
| Extensión | 1068 páginas ; |
| Dimensiones | 24 cm |
| 520 ## - RESUMEN, ETC. | |
| Sumario, etc. | El libro explica que los conflictos internacionales deben resolverse sin uso de la fuerza, mediante mecanismos pacíficos establecidos por el derecho internacional.<br/><br/>Distingue dos grandes vías:<br/><br/>Diplomáticas: negociación, mediación y conciliación (flexibles y voluntarias).<br/>Jurídicas: arbitraje y tribunales internacionales (basadas en normas y decisiones obligatorias).<br/><br/>También destaca el papel de organizaciones como la ONU y concluye que la paz depende de la cooperación, las reglas y las instituciones internacionales. |
| 700 1# - ENTRADA AGREGADA--NOMBRE PERSONAL | |
| Nombre de persona | Vázquez Gómez, Eva, |
| Fechas asociadas al nombre | 1970- |
| Término indicativo de función/relación | coord. |
| 9 (RLIN) | 47702 |
| 700 1# - ENTRADA AGREGADA--NOMBRE PERSONAL | |
| Nombre de persona | Adam Muñoz, María Dolores |
| Término indicativo de función/relación | coord. |
| 9 (RLIN) | 47703 |
| 942 ## - ELEMENTOS DE ENTRADA SECUNDARIOS (KOHA) | |
| Fuente del sistema de clasificación o colocación | Clasificación de Library of Congress |
| Suprimir en OPAC | No |
| Tipo de ítem Koha | Libro |
| 946 ## - PROCESAMIENTO DE INFORMACIÓN LOCAL (OCLC) | |
| Iniciales del agente catalogador | llh |
| Estatus retirado | Estado de pérdida | Fuente del sistema de clasificación o colocación | Estado de daño | No para préstamo | Colección | Biblioteca de origen | Biblioteca actual | Ubicación en estantería | Fecha de adquisición | Signatura topográfica completa | Código de barras | Visto por última vez | Copia número | Tipo de ítem Koha |
|---|---|---|---|---|---|---|---|---|---|---|---|---|---|---|
| Clasificación de Library of Congress | Automatización y Procesos Técnicos | Biblioteca Juan Bosch | Biblioteca Juan Bosch | Automatización y Procesos Técnicos (1er. Piso) | 25/03/2026 | A774 2013 | 00000198480 | 25/03/2026 | 1 | Libro |
